Online
Catalog

El veintiocho y sus cruces / (Record no. 19060)

MARC details
000 -CABECERA
campo de control de longitud fija 00978nam a2200241 a 4500
001 - NÚMERO DE CONTROL
campo de control 000019544
005 - FECHA Y HORA DE LA ÚLTIMA TRANSACCIÓN
campo de control 20200929170043.0
008 - DATOS DE LONGITUD FIJA--INFORMACIÓN GENERAL
campo de control de longitud fija 090901s1998 dr 000 0 spa d
020 ## - NÚMERO INTERNACIONAL ESTÁNDAR DEL LIBRO
Número Internacional Estándar del Libro 84955119005
040 ## - FUENTE DE LA CATALOGACIÓN
Centro catalogador/agencia de origen DO-SdBNP
Lengua de catalogación spa
Centro/agencia transcriptor BNPHU
082 ## - NÚMERO DE LA CLASIFICACIÓN DECIMAL DEWEY
Número de clasificación 362.21097293
Número de documento/Ítem U76el
100 1# - ENTRADA PRINCIPAL--NOMBRE DE PERSONA
Nombre de persona Uribe Peguero, Alejandro
9 (RLIN) 11152
245 13 - MENCIÓN DE TÍTULO
Título El veintiocho y sus cruces /
Mención de responsabilidad, etc. Alejandro Uribe Peguero ; prólogo Fernando Sánchez Martínez.
246 12 - FORMA VARIANTE DE TÍTULO
Título propio/Titulo breve El 28 y sus cruces
260 ## - PUBLICACIÓN, DISTRIBUCIÓN, ETC.
Lugar de publicación, distribución, etc. Santo Domingo :
Nombre del editor, distribuidor, etc. OK digital,
Fecha de publicación, distribución, etc. 1998.
300 ## - DESCRIPCIÓN FÍSICA
Extensión 230 p. ;
Dimensiones 21 cm.
590 ## - NOTA LOCAL (RLIN)
Nota local Inventariado, 2018/ YL
650 #4 - PUNTO DE ACCESO ADICIONAL DE MATERIA--TÉRMINO DE MATERIA
Término de materia o nombre geográfico como elemento de entrada Psiquiatría
Subdivisión general Casos, historias clínicas, estadísticas
Subdivisión geográfica República Dominicana
9 (RLIN) 18283
650 #4 - PUNTO DE ACCESO ADICIONAL DE MATERIA--TÉRMINO DE MATERIA
Término de materia o nombre geográfico como elemento de entrada Pacientes de hospitales psiquiátricos
Subdivisión general Anécdotas, chistes, sátiras, etc.
9 (RLIN) 18284
650 #4 - PUNTO DE ACCESO ADICIONAL DE MATERIA--TÉRMINO DE MATERIA
Término de materia o nombre geográfico como elemento de entrada Enfermos mentales
Subdivisión general Anécdotas, chistes, sátiras, etc.
Subdivisión geográfica República Dominicana
9 (RLIN) 18285
700 1# - PUNTO DE ACCESO ADICIONAL--NOMBRE DE PERSONA
Nombre de persona Sánchez Martínez, Fernando,
Término indicativo de función/relación pról.
9 (RLIN) 7183
910 ## - DATOS DE OPCIÓN DEL USUARIO (OCLC)
Datos de opción del usuario Inventariado, 2018/MFF
Holdings
Estado de retiro Estado de pérdida No para préstamo Código de colección Localización permanente Ubicación/localización actual Ubicación en estantería Fecha de adquisición Número de inventario Total de préstamos Signatura topográfica completa Código de barras Fecha visto por última vez Precio válido a partir de Tipo de ítem Koha Número de copia
    Excluido de préstamo Patrimonio Dominicano Patrimonio Dominicano Patrimonio Dominicano Depósito 30.06.2010 LF1   362.21097293 U76el 19544-10 25.06.2020 25.06.2020 Libro y Folleto Colección Patrimonio Dominicano  
    Excluido de préstamo Patrimonio Dominicano Patrimonio Dominicano Patrimonio Dominicano Depósito 12.07.2018 LF1   362.21097293 U76el 19544-20 25.06.2020 25.06.2020 Libro y Folleto Colección Patrimonio Dominicano e.2

Powered by Koha